A Life of Gilbert Burnet, Bishop of Salisbury. (Record no. 38386)

MARC details
000 -LEADER
campo de control de longitud fija 00689nam a2200205 i 4500
001 - NÚMERO DE CONTROL
campo de control 38386
003 - IDENTIFICADOR DE NÚMERO DE CONTROL
campo de control ES-MaACL
005 - FECHA Y HORA DE LA ÚLTIMA TRANSACCIÓN
campo de control 20230906155740.0
007 - CAMPO FIJO DE DESCRIPCIÓN FÍSICA--INFORMACIÓN GENERAL
campo de control de longitud fija t|
008 - DATOS DE LONGITUD FIJA--INFORMACIÓN GENERAL
campo de control de longitud fija 030225s1907 xxk ||||1| eng d
100 1# - ENTRADA PRINCIPAL--NOMBRE DE PERSONA
Nombre de persona Burnet, Gilbert.
9 (RLIN) 32731
245 13 - MENCIÓN DEL TÍTULO
Título A Life of Gilbert Burnet, Bishop of Salisbury.
260 ## - PUBLICACIÓN, DISTRIBUCIÓN, ETC.
Lugar de publicación, distribución, etc. Cambridge :
Nombre del editor, distribuidor, etc. University Press,
Fecha de publicación, distribución, etc. 1907.
300 ## - DESCRIPCIÓN FÍSICA
Extensión XLVI, 586 p. ;
Dimensiones 25 cm.
505 8# - NOTA DE CONTENIDO CON FORMATO
Nota de contenido con formato Contiene : I. Scotland, 1643-1674 / by T.E.S. Clarke. -- II. England, 1674-1715 / by H.C. Foxcroft ; with an introduction by C.H. Firth
700 1# - ENTRADA AGREGADA--NOMBRE PERSONAL
Nombre de persona Firth, C. H.
9 (RLIN) 50961
700 1# - ENTRADA AGREGADA--NOMBRE PERSONAL
Nombre de persona Foxcroft, H. C.
9 (RLIN) 52037
700 1# - ENTRADA AGREGADA--NOMBRE PERSONAL
Nombre de persona Clarke, T. E. S.
9 (RLIN) 39067
852 ## - LOCALIZACIÓN
Ubicación ES-MaACL
Número de control de estantería F-302
Holdings
Estatus retirado Estado de pérdida Estado de daño No para préstamo Biblioteca de origen Biblioteca actual Ubicación en estantería Fecha de adquisición Fuente de adquisición Total de préstamos Signatura topográfica completa Código de barras Visto por última vez Precio de reemplazo Tipo de ítem Koha
        Biblioteca del Ateneo de Madrid Biblioteca del Ateneo de Madrid Depósito 2 17/01/2008     F-302 1040415 23/02/2023 23/02/2023 Libro impreso